Educación y comunicación ambiental : estrategias para un futuro posible /

Guardado en:
Autor Principal: Goldstein, Beatríz
Otros Autores: Castañera, Mónica
Formato: Libro
Publicado: Buenos Aires : Novedades Educativas, 1999
Materias:
Etiquetas: Agregar Etiqueta
Sin Etiquetas, Sea el primero en etiquetar este registro!
LEADER 01102nam a22002175a 4500
001 CEM.cems010072
005 20080610084011.0
008 130507s1999##################000#0#####d
003 CEMS
020 |a 9879191595 
082 0 4 |a 372.85 
100 1 |a Goldstein, Beatríz 
245 1 0 |a Educación y comunicación ambiental :  |b estrategias para un futuro posible /  |c Beatríz Goldstein, Mónica Castañera 
260 |a Buenos Aires :  |b Novedades Educativas,  |c 1999 
300 |a 61 p. 
505 0 |a Educación y comunicación ambiental -- Marco conceptual de la educación y comunicación ambiental -- La alfabetización ambiental -- Acerca de la propuesta didáctica -- La educación ambiental como proceso de enseñanza-aprendizaje -- Qué enseñar? -- Relación: investigación-docencia-extensión-participación -- Formación permanente de formadores en el campo de la educación y comunicación ambiental 
653 |a Educación 
653 |a Educación ambiental 
653 |a Medio ambiente-preservación 
700 1 |a Castañera, Mónica 
859 |a CEMS  |b BIB. CEMS - 11 de abril  |h 372.85  |i G572  |p 20593.99  |t Ej.1